000 00516nam a2200181Ia 4500
001 17301
005 20260306171507.0
008 260306s9999||||xx |||||||||||||| ||und||
041 _aESP
082 _a657.61
_bI61D 2011
100 _aAyala Zavala, Pascual
_eAUT
245 0 _aAplicación práctica de las normas internacionales de información financiera (NIIF, NIC, CINIIF y SIC):
_banálisis y comentarios
260 _c2011
300 _a
_c
650 _aGEN
654 _aCCO
942 _cLIB
_dJUS
_fJUS
_2ddc
_n
999 _c17301
_d17301